Universum Quiz (schwer) - Statistiken

Allgemein
  • Dieses Quiz wurde 54 mal gespielt
  • Das Durchschnittsergebnis liegt bei 5 aus 22
Antwortstatistiken
Frage Antwort % Korrekt
Wenn ein Objekt 500 Lichtjahre entfernt ist, wie lange braucht das Licht um bei uns anzukommen? 500 Jahre
82%
Wie schnell ist Lichtgeschwindigkeit ungefähr? 300000 km/s
55%
Wie endet ein massereicher Stern? Supernova
55%
Wie nennt man Planeten in anderen Sternsystemen? Exoplaneten
39%
Wie heißt das der Sonne nächste Sternsystem? Alpha Centauri
34%
Wie heißt die Grenze eines Schwarzen Lochs? Ereignishorizont
32%
Wie heißt das Schwarze Loch im Zentrum unserer Milchstraße? Sagittarius A
32%
Wie heißt unsere Nachbargalaxie? Andromeda Galaxie
29%
Wie nennt man die extreme Streckung von Objekten nahe eines Schwarzen Lochs? Spaghettisierung
21%
Wie nennt man das Zentrum eines Schwarzen Lochs? Singularität
18%
Welches ist das größte Schwarze Loch was wir kennen? TON 618
18%
Was bleibt oft nach einer Supernova zurück? Neutronenstern
16%
welcher ist der Größte, uns bekannte Stern? Stephenson 2-18
13%
Wie groß ist das beobachtbare Universum? 92/93 Milliarden Lichtjahre
11%
Welcher Effekt sorgt dafür, dass Zeit nahe starker Gravitation langsamer vergeht? Gravitative Zeitdilatation
11%
Was für ein Galaxientyp ist die Milchstraße? Balkenspiralgalaxie
8%
Wie heißen die 2 kleinen Galaxien die um die Milchstraße kreisen? Magellansche Wolke
8%
Wie weit ist ein Lichtjahr? 9,46 Billionen km
5%
Wenn Milchstraße und Andromeda in einigen Milliarden Jahren kollidieren, was für eine Art von Galaxie bildet sich dann? Elliptische Galaxie
5%
Welche Materie wäre zur Stabilisierung eines Wurmlochs nötig? Exotische Materie
5%
Welche ist die größte, uns bekannte klassische Galaxie? IC 1101
5%
Was ist der Orionnebel? Emissionsnebel
3%
Keine übereinstimmenden Quizze gefunden
Verteilung der Resultate
Anzahl Personen mit jedem Resultat
Perzentil nach korrekt beantworteten Fragen
Ihre Resultats-Entwicklung
Sie haben dieses Quiz noch nicht gespielt